La mujer como profesional de la medicina en la España del siglo XIX / (Record no. 5946)

MARC details
000 -LEADER
campo de control de longitud fija 00901nam a2200265 i 4500
001 - NÚMERO DE CONTROL
campo de control 5946
003 - IDENTIFICADOR DE NÚMERO DE CONTROL
campo de control ES-MaACL
005 - FECHA Y HORA DE LA ÚLTIMA TRANSACCIÓN
campo de control 20230906144738.0
008 - DATOS DE LONGITUD FIJA--INFORMACIÓN GENERAL
campo de control de longitud fija 890616s1988 sp ||||1| spa d
020 ## - NÚMERO INTERNACIONAL ESTÁNDAR DEL LIBRO
Número Internacional Estándar del Libro 84-7658-106-8
080 ## - NÚMERO DE LA CLASIFICACIÓN DECIMAL UNIVERSAL
Número de la Clasificación Decimal Universal 396.5:61(46)"18"
080 ## - NÚMERO DE LA CLASIFICACIÓN DECIMAL UNIVERSAL
Número de la Clasificación Decimal Universal 61(46)"18":396.5
100 1# - ENTRADA PRINCIPAL--NOMBRE DE PERSONA
Nombre de persona Alvarez Ricart, María del Carmen.
9 (RLIN) 20932
245 13 - MENCIÓN DEL TÍTULO
Título La mujer como profesional de la medicina en la España del siglo XIX /
Mención de responsabilidad, etc. Mª del Carmen Álvarez Ricart ; prólogo de J.Mª López Piñero.
250 ## - MENCION DE EDICION
Mención de edición 1ª ed.
260 ## - PUBLICACIÓN, DISTRIBUCIÓN, ETC.
Lugar de publicación, distribución, etc. Barcelona :
Nombre del editor, distribuidor, etc. Anthropos,
Fecha de publicación, distribución, etc. 1988.
300 ## - DESCRIPCIÓN FÍSICA
Extensión 235 p. ;
Dimensiones 20 cm.
490 1# - MENCIÓN DE SERIE
Mención de serie Historia, ideas y textos ;
Designación de volumen o secuencia 16
504 ## - NOTA DE BIBLIOGRAFÍA, ETC.
Nota de bibliografía, etc. Bibliografía: p. 215-234.
650 14 - PUNTO DE ACCESO ADICIONAL DE MATERIA--TÉRMINO DE MATERIA
Término de materia o nombre geográfico como elemento de entrada Médicas-
Subdivisión geográfica España-
Subdivisión cronológica S.XIX.
9 (RLIN) 14890
700 1# - ENTRADA AGREGADA--NOMBRE PERSONAL
Nombre de persona López Piñero, José María.
9 (RLIN) 73895
830 1# - PUNTO DE ACCESO ADICIONAL DE SERIE-TÍTULO UNIFORME
Título uniforme Historia, ideas y textos ;
Designación de volumen o secuencia 16
9 (RLIN) 177280
852 ## - LOCALIZACIÓN
Ubicación ES-MaACL
Número de control de estantería L-13030
Holdings
Estatus retirado Estado de pérdida Estado de daño No para préstamo Biblioteca de origen Biblioteca actual Ubicación en estantería Fecha de adquisición Fuente de adquisición Total de préstamos Signatura topográfica completa Código de barras Visto por última vez Precio de reemplazo Tipo de ítem Koha
        Biblioteca del Ateneo de Madrid Biblioteca del Ateneo de Madrid Depósito 2 17/01/2008     L-13030 1006044 23/02/2023 23/02/2023 Libro impreso